| 000 | 00433nam a2200193Ia 4500 | ||
|---|---|---|---|
| 003 | 0100 | ||
| 008 | 130303s9999 xx 000 0 und d | ||
| 040 | _cARRUPELIB | ||
| 050 | _aLB1051.H52 1974 | ||
| 100 | _aHilgard, Ernest R | ||
| 245 | _aTheories of learning | ||
| 250 | _a4th | ||
| 260 | _aNJ | ||
| 260 | _bPrentice-Hall | ||
| 260 | _C1975 | ||
| 300 | _a698p | ||
| 700 | _aby E.R. Hilgard Gordon H. Bower | ||
| 942 | 0 | 0 | _01 |
| 999 |
_c29886 _d29886 |
||